Central Library OPAC University of Rajshahi

The Ao Nagas / (Record no. 27216)

MARC details
000 -LEADER
fixed length control field 00953nam a22002772a 4500
001 - CONTROL NUMBER
control field 27216
003 - CONTROL NUMBER IDENTIFIER
rucl marc code UkOxU
005 - DATE AND TIME OF LATEST TRANSACTION
control field 20211209051128.0
008 - FIXED-LENGTH DATA ELEMENTS--GENERAL INFORMATION
fixed length control field 860101s1973 ii a b 001 0 eng d
035 ## - SYSTEM CONTROL NUMBER
System control number OCLC ocm00903461 from D960410M
040 ## - CATALOGING SOURCE
Original cataloging agency DLC
Transcribing agency DLC
Modifying agency EQO
Language of cataloging eng
041 ## - LANGUAGE CODE
Language code of text/sound track or separate title eng
082 ## - DEWEY DECIMAL CLASSIFICATION NUMBER
Classification number 915.416506954
Author mark and year MIA 1973
100 1# - MAIN ENTRY--PERSONAL NAME
Personal name Mills, J. P.
Fuller form of name (James Philip),
Dates associated with a name 1890-1960.
9 (RLIN) 83515
245 14 - TITLE STATEMENT
Title The Ao Nagas /
Statement of responsibility, etc. With a foreword by Henry Balfour and supplementary notes and bibliography by J. H. Hutton
250 ## - EDITION STATEMENT
Edition statement 2d ed.
260 ## - PUBLICATION, DISTRIBUTION, ETC. (IMPRINT)
Place of publication, distribution, etc. Bombay :
Name of publisher, distributor, etc. Oxford University Press,
Date of publication, distribution, etc. 1973.
300 ## - PHYSICAL DESCRIPTION
Pagination xxiv, 510 p. :
Illustrations illus. ;
Size 23 cm.
500 ## - GENERAL NOTE
General note "Published by direction of the Government of Nagaland."
504 ## - BIBLIOGRAPHY, ETC. NOTE
Bibliography, etc Bibliography: p. 431-450
650 #0 - SUBJECT ADDED ENTRY--TOPICAL TERM
Topical term or geographic name as entry element Naga (South Asian people)
9 (RLIN) 83503
Topical term or geographic name as entry element Ao language
9 (RLIN) 83516
700 1# - ADDED ENTRY--PERSONAL NAME
Personal name Hutton, J. H.
Fuller form of name (John Henry),
Dates associated with a name 1885-1968.
942 ## - ADDED ENTRY ELEMENTS (KOHA)
Source of classification or shelving scheme Dewey Decimal Classification
Koha item type Books
Holdings
Lost status Source of classification or shelving scheme Damaged status Not for loan Collection code Permanent Location Current Location Shelving location Date acquired Source of acquisition Coded location qualifier Cost, normal purchase price Total Checkouts Full call number Date last seen Copy number Koha item type
  Dewey Decimal Classification   Added to bundle Non-fiction Central Library, University of Rajshahi Central Library, University of Rajshahi Reading Room 16/05/1974 OXFORD UNI. PRESS 45.00 45.00   915.416506954 MIA 1973 24/03/2014 C-1 Books